[Event "BEL-ch U18"]
[Site "Blankenberge"]
[Date "2017.04.09"]
[Round "1"]
[White "Aguilar, Adriano"]
[Black "Marchal, Laurent"]
[Result "1/2-1/2"]
[WhiteElo "1628"]
[BlackElo "1898"]
[PlyCount "131"]
[EventDate "2017.04.09"]
[EventType "swiss"]
[EventRounds "9"]
[EventCountry "BEL"]
[SourceTitle "CBM 178 Extra"]
[Source "ChessBase"]
[SourceDate "2017.06.22"]
[SourceVersion "1"]
[SourceVersionDate "2017.06.22"]
[SourceQuality "1"]

1. d4 Nf6 2. Bf4 d6 3. Nc3 Bf5 4. e3 a6 5. Nf3 h6 6. Bd3 Bxd3 7. Qxd3 Nbd7 8. 0-0 c5 9. Rad1 g6 10. Ne4 cxd4 11. Nxf6+ Nxf6 12. exd4 b5 13. c4 bxc4 14. Qxc4 Qc8 15. Rc1 Qxc4 16. Rxc4 Bg7 17. Rfc1 0-0 18. h3 Rfb8 19. b3 Rb5 20. Rc8+ Rxc8 21. Rxc8+ Kh7 22. Ra8 Rb6 23. Rc8 Nd5 24. Bd2 e6 25. Rc4 Bf6 26. Kf1 Ne7 27. Ke2 Nc6 28. Be3 d5 29. Rc3 Kg7 30. g4 a5 31. Kd1 Ra6 32. Rc1 a4 33. bxa4 Na5 34. Nd2 Nb7 35. Rb1 Nd8 36. Nb3 Rxa4 37. Rb2 Nc6 38. Nc5 Ra7 39. Nb3 Rb7 40. Rd2 Be7 41. Ke2 Ra7 42. Kf3 Bd6 43. Ke2 Ra3 44. Kf1 Nb4 45. Nc1 Rc3 46. Rb2 Nc6 47. Ne2 Rc4 48. Kg2 e5 49. dxe5 Bxe5 50. Rd2 d4 51. Bf4 f6 52. Bg3 g5 53. f4 gxf4 54. Nxf4 Bxf4 55. Bxf4 Ne5 56. Bxe5 fxe5 57. Kf3 Kf6 58. Ke4 Rc3 59. Rd3 Rc2 60. Kd5 Rxa2 61. Rf3+ Kg5 62. Kxe5 Rd2 63. Ke4 Kh4 64. Rf5 Kxh3 65. g5 hxg5 66. Rxg5 1/2-1/2

[Event "BEL-ch U16"]
[Site "Blankenberge"]
[Date "2015.04.18"]
[Round "9"]
[White "Marchal, Laurent"]
[Black "Verboven, Arnout"]
[Result "1/2-1/2"]
[WhiteElo "1623"]
[BlackElo "1525"]
[PlyCount "74"]
[EventDate "2015.04.12"]
[EventType "swiss"]
[EventRounds "9"]
[EventCountry "BEL"]
[SourceTitle "CBM 166 Extra"]
[Source "ChessBase"]
[SourceDate "2015.06.18"]
[SourceVersion "1"]
[SourceVersionDate "2015.06.18"]
[SourceQuality "1"]

1. e4 e5 2. Nf3 Nf6 3. Nxe5 d6 4. Nf3 Nxe4 5. Nc3 Nxc3 6. dxc3 Bf5 7. Qd4 Nc6 8. Bb5 Bd7 9. Qf4 Be7 10. Be3 0-0 11. 0-0-0 Be6 12. Kb1 a6 13. Bd3 d5 14. h4 h6 15. Qg3 Bd6 16. Bf4 Bxf4 17. Qxf4 Qd7 18. Nh2 Ne7 19. g4 Rad8 20. h5 Qd6 21. Qe3 f5 22. Rde1 Rf6 23. f4 fxg4 24. Rhg1 Nf5 25. Bxf5 Bxf5 26. Nxg4 Bxg4 27. Rxg4 Rdf8 28. Reg1 R6f7 29. Qg3 Qe7 30. f5 Kh8 31. a3 Rg8 32. Rg6 Rf6 33. Rxf6 Qxf6 34. Qg6 Rf8 35. Qg2 c6 36. Qg3 Rf7 37. Rf1 Qd8 1/2-1/2

[Event "BEL-ch U14"]
[Site "Blankenberge"]
[Date "2014.04.18"]
[Round "8"]
[White "Moerman, Thomas"]
[Black "Marchal, Laurent"]
[Result "1/2-1/2"]
[WhiteElo "1641"]
[BlackElo "1521"]
[PlyCount "35"]
[EventDate "2014.04.??"]
[EventType "swiss"]
[EventRounds "9"]
[EventCountry "BEL"]
[SourceTitle "EXT 2015"]
[Source "ChessBase"]
[SourceDate "2014.11.20"]
[SourceVersion "1"]
[SourceVersionDate "2014.11.20"]
[SourceQuality "1"]

1. Nf3 d5 2. d4 c6 3. g3 Nf6 4. Bg2 Bg4 5. 0-0 Nbd7 6. Bf4 e6 7. Nbd2 Be7 8. Re1 0-0 9. e4 c5 10. c3 cxd4 11. cxd4 Bb4 12. Qa4 Qa5 13. Qxa5 Bxa5 14. h3 Bxf3 15. Bxf3 dxe4 16. Bxe4 Nxe4 17. Rxe4 Nf6 18. Re2 1/2-1/2

[Event "BEL-ch U14"]
[Site "Blankenberge"]
[Date "2014.04.16"]
[Round "5"]
[White "Marchal, Laurent"]
[Black "Seibt, Sascha"]
[Result "0-1"]
[WhiteElo "1521"]
[BlackElo "1355"]
[PlyCount "89"]
[EventDate "2014.04.??"]
[EventType "swiss"]
[EventRounds "9"]
[EventCountry "BEL"]
[SourceTitle "EXT 2015"]
[Source "ChessBase"]
[SourceDate "2014.11.20"]
[SourceVersion "1"]
[SourceVersionDate "2014.11.20"]
[SourceQuality "1"]

1. e4 c5 2. Nf3 d6 3. d4 cxd4 4. Nxd4 Nf6 5. Nc3 e5 6. Bb5+ Nbd7 7. Nf5 a6 8. Ba4 b5 9. Bb3 Nc5 10. Bg5 Bxf5 11. exf5 Be7 12. Bxf6 Bxf6 13. Qd5 0-0 14. 0-0-0 Nxb3+ 15. axb3 Qa5 16. Kb1 Be7 17. Qc6 Rac8 18. Qe4 Rfd8 19. Nd5 Re8 20. Nxe7+ Rxe7 21. Rxd6 g6 22. f6 Rec7 23. Rc1 b4 24. Qh4 h5 25. Qe4 Kh7 26. f3 Kg8 27. Rd5 Rc5 28. Rxc5 Qxc5 29. Qe2 Qd6 30. Re1 Rc5 31. Qe4 Qxf6 32. Qxb4 Qd6 33. Kc1 Rxc2+ 34. Kxc2 Qxb4 35. Rxe5 Qd4 36. Re8+ Kg7 37. Re2 a5 38. Rd2 Qc5+ 39. Kb1 Qg1+ 40. Kc2 Qxh2 41. g4 Qc7+ 42. Kb1 hxg4 43. fxg4 Qf4 44. Rd5 Qe4+ 45. Kc1 0-1

[Event "BEL-ch U14"]
[Site "Blankenberge"]
[Date "2014.04.15"]
[Round "4"]
[White "Pfeiffer, Noah"]
[Black "Marchal, Laurent"]
[Result "0-1"]
[WhiteElo "1292"]
[BlackElo "1521"]
[PlyCount "130"]
[EventDate "2014.04.??"]
[EventType "swiss"]
[EventRounds "9"]
[EventCountry "BEL"]
[SourceTitle "EXT 2015"]
[Source "ChessBase"]
[SourceDate "2014.11.20"]
[SourceVersion "1"]
[SourceVersionDate "2014.11.20"]
[SourceQuality "1"]

1. d4 d5 2. c4 c6 3. Nc3 Nf6 4. Nf3 e6 5. e3 Bd6 6. cxd5 exd5 7. Bd3 0-0 8. h3 Re8 9. 0-0 Ne4 10. Qc2 f5 11. Nd2 Qg5 12. f4 Qg3 13. Ndxe4 fxe4 14. Nxe4 dxe4 15. Bxe4 h6 16. Rf3 Qh4 17. Bd2 Qe7 18. Bh7+ Kh8 19. Rg3 Nd7 20. Bc3 Bb4 21. Bxb4 Qxb4 22. a3 Qe7 23. Rf3 Nf6 24. Bd3 Rf8 25. Re1 Nd5 26. Be4 Be6 27. Bxd5 Bxd5 28. Rg3 Rxf4 29. Qc5 Qxc5 30. dxc5 Rc4 31. b4 Rc3 32. a4 Rb3 33. Rg4 Re8 34. Kf2 Re4 35. Rxe4 Bxe4 36. b5 cxb5 37. axb5 Rxb5 38. Ra1 a6 39. Rc1 Rb2+ 40. Kg3 Rxg2+ 41. Kf4 Bc6 42. e4 Rf2+ 43. Ke3 Rh2 44. e5 Rxh3+ 45. Kf4 Rf3+ 46. Kg4 h5+ 47. Kxh5 Rf5+ 48. Kg6 Rxe5 49. Rf1 Re6+ 50. Kf7 Rf6+ 51. Rxf6 gxf6 52. Kxf6 a5 53. Ke5 a4 54. Kd4 Kg7 55. Kc4 Kf6 56. Kc3 Ke5 57. Kc2 Kd4 58. Kb2 Kxc5 59. Ka3 b5 60. Kb2 b4 61. Ka2 Kc4 62. Kb2 a3+ 63. Ka1 b3 64. Kb1 Kc3 65. Ka1 b2+ 0-1